00833nam a22002531 4500001001000000003001700010005001700027008004100044010001600085020001500101020003300116040003900149050002100188245007700209250001100286260005600297300003100353490003600384500002500420501002900445504003800474650004300512700002400555010918971ALUPE UNIVERSITY20210624080541.0940125s1985 xxua b 001 0 eng d aLC 84-14151 a0030630185 a0030047625 (prelabeXercises) cALUPE UNIVERSITYdALUPE UNIVERSITY 0aQD261b.M63 198500aModern experimental organic chemistry /cRoyston M. Roberts ... [et al.] a4th ed aPhiladelphia :bSaunders College Publishing,cc1985 axxv, 804 p :bill ;c25 cm0 aSaunders golden sunburst series aIll. on lining paper a[With] pre-lab exercises aIncludes bibliographies and index 0aChemistry, OrganicvLaboratory manuals1 aRoberts, Royston M.